Quinua, agricultoras de Huancavelica se reunieron con viceministro y Primera Dama

Uloženo v:
Podrobná bibliografie
Další autoři: Canal TVPeruPE Noticias / YouTube
Médium: Kniha
Jazyk:španělština
Témata:
On-line přístup:Quinua, agricultoras de Huancavelica se reunieron con viceministro y Primera Dama
Tagy: Přidat tag
Žádné tagy, Buďte první, kdo vytvoří štítek k tomuto záznamu!

MARC

LEADER 00000nam a22000004a 4500
001 vpro9066
005 20201223000000.0
008 150827s2015 ck # g## #001 0#spa#d
020
022
040 |a CO-BoINGC 
041 0 |a spa 
245 1 0 |a Quinua, agricultoras de Huancavelica se reunieron con viceministro y Primera Dama 
246 |a Quinoa: Female Farmers from Huancavelica Met With the Deputy Minister and the First Lady 
264 |a Bogot ̀(Colombia) :  |b Revista VirtualPRO,  |c 2015 
520 3
650 \ \ |a Alimentos 
650 \ \ |a Food 
650 \ \ |a industria de alimentos 
650 \ \ |a agroindustria 
650 \ \ |a granos andinos 
650 \ \ |a quinua 
650 \ \ |a food industry 
650 \ \ |a agro<U+0096>industry 
650 \ \ |a Andean grains 
650 \ \ |a quinoa  
700 \ \ |a Canal TVPeruPE Noticias / YouTube 
856 |z Quinua, agricultoras de Huancavelica se reunieron con viceministro y Primera Dama  |u https://virtualpro.unach.elogim.com/biblioteca/quinua-agricultoras-de-huancavelica-se-reunieron-con-viceministro-y-primera-dama